Modern Essays & Paragraphs for Middle Classes/ (Record no. 83472)

MARC details
000 -LEADER
fixed length control field 00636nam a22001817a 4500
005 - DATE AND TIME OF LATEST TRANSACTION
control field 20140415151616.0
010 ## - LCCN (DPL NO)
LC control number B-508053-060
020 ## - INTERNATIONAL STANDARD BOOK NUMBER
International Standard Book Number 9789381753026
Terms of availability 80.00
035 ## - SYSTEM CONTROL NUMBER
System control number B-508053-060
037 ## - SOURCE OF ACQUISITION
Stock number dpl
Source of stock number/acquisition UBH/Ven
082 ## - DEWEY DECIMAL CLASSIFICATION NUMBER
Classification number 808.84
245 ## - TITLE STATEMENT
Title Modern Essays & Paragraphs for Middle Classes/
Statement of responsibility, etc compiled by G.Jain
260 ## - PUBLICATION, DISTRIBUTION, ETC. (IMPRINT)
Place of publication, distribution, etc New Delhi
Name of publisher, distributor, etc Mannu Graphics
Date of publication, distribution, etc 20??
270 ## - ADDRESS
Address 5FF, Ganpati Bhawan, 21 Ansari Road, Darya Ganj
City New Delhi
Postal code 110002
300 ## - PHYSICAL DESCRIPTION
Extent 144p.
Dimensions 21cm(pbk)
942 ## - ADDED ENTRY ELEMENTS (KOHA)
Source of classification or shelving scheme Dewey Decimal Classification
Item type Children Books
Classification part 808.84
Call number suffix MOD
Holdings
Withdrawn status Lost status Not for loan Collection code Home library Current library Date acquired Source of acquisition Cost, normal purchase price Full call number Barcode Copy number Cost, replacement price Koha item type
      Non-fiction Andrews Gunj Andrews Gunj 15/04/2014 UBH/301/21.03.2013/201/20.03.2013/22.03.2013 80.00 808.84 MOD B-508055 1 80.00 Children Books
      Non-fiction R.C.Libraries (zls) R.C.Libraries (zls) 15/04/2014 UBH/301/21.03.2013/201/20.03.2013/22.03.2013 80.00 808.84 MOD B-508057 1 80.00 Children Books
      Non-fiction R.K.Puram-8 R.K.Puram-8 15/04/2014 UBH/301/21.03.2013/201/20.03.2013/22.03.2013 80.00 808.84 MOD B-508054 1 80.00 Children Books
      Non-fiction Sarojini Nagar Sarojini Nagar 15/04/2014 UBH/301/21.03.2013/201/20.03.2013/22.03.2013 80.00 808.84 MOD B-508053 1 80.00 Children Books
      Non-fiction Sarojini Nagar Sarojini Nagar 15/04/2014 UBH/301/21.03.2013/201/20.03.2013/22.03.2013 80.00 808.84 MOD B-508058 1 80.00 Children Books
      Non-fiction Shahdara Branch Shahdara Branch 15/04/2014 UBH/301/21.03.2013/201/20.03.2013/22.03.2013 80.00 808.84 MOD B-508060 1 80.00 Children Books
      Non-fiction Sriniwas Puri Sriniwas Puri 15/04/2014 UBH/301/21.03.2013/201/20.03.2013/22.03.2013 80.00 808.84 MOD B-508056 1 80.00 Children Books
      Non-fiction Vinoba Puri Vinoba Puri 15/04/2014 UBH/301/21.03.2013/201/20.03.2013/22.03.2013 80.00 808.84 MOD B-508059 1 80.00 Children Books

© Delhi Public Library
Hit Counter
free hit counter